[Event "Dortmund Sparkassen op-B 44th"]
[Site "Dortmund"]
[Date "2016.07.11"]
[Round "3"]
[White "Schrimpl, Michael"]
[Black "Luzius, Jannik"]
[Result "0-1"]
[WhiteElo "1516"]
[BlackElo "1612"]
[PlyCount "100"]
[EventDate "2016.07.09"]
[EventType "swiss"]
[EventRounds "9"]
[EventCountry "GER"]
[SourceTitle "CBM 173 Extra"]
[Source "ChessBase"]
[SourceDate "2016.08.29"]
[SourceVersion "1"]
[SourceVersionDate "2016.08.29"]
[SourceQuality "1"]

1. c4 c5 2. Nc3 g6 3. Nf3 Bg7 4. g3 Nf6 5. Bg2 0-0 6. 0-0 Nc6 7. a3 d6 8. Rb1 Bf5 9. d3 Qd7 10. Re1 Rab8 11. Bg5 h6 12. Bd2 Bh3 13. Qc1 Bxg2 14. Kxg2 Kh7 15. b4 b6 16. b5 Nd8 17. e3 Ne6 18. Qd1 Qb7 19. Kg1 Rbc8 20. Bc1 Ng4 21. Bb2 Ne5 22. Nxe5 Bxe5 23. f4 Bg7 24. Nd5 Qd7 25. Qg4 Rcd8 26. h4 Nc7 27. Qf3 Nxd5 28. Qxd5 e6 29. Qg2 Bxb2 30. Qxb2 d5 31. Kf2 dxc4 32. dxc4 Qd2+ 33. Re2 Qxb2 34. Rexb2 Rd3 35. Rb3 Rfd8 36. Ke1 Rd2 37. Rc3 Rg2 38. Rbc1 Rxg3 39. Kf2 Rg4 40. Rh1 Rd2+ 41. Kf3 Rgg2 42. h5 g5 43. fxg5 Rxg5 44. Rh4 Kg7 45. Rg4 Rxg4 46. Kxg4 f5+ 47. Kf4 Kf6 48. e4 Rd4 49. Kf3 Rxe4 50. Rc1 e5 0-1

[Event "GER-chT U20"]
[Site "Osnabrueck"]
[Date "2013.12.27"]
[Round "2.5"]
[White "Luzius, Jannik"]
[Black "Hinrichs, Jan"]
[Result "0-1"]
[WhiteElo "1552"]
[BlackElo "2095"]
[PlyCount "95"]
[EventDate "2013.12.27"]
[EventType "team-swiss"]
[EventRounds "7"]
[EventCountry "GER"]
[SourceTitle "EXT 2015"]
[Source "ChessBase"]
[SourceDate "2014.11.20"]
[SourceVersion "1"]
[SourceVersionDate "2014.11.20"]
[SourceQuality "1"]
[WhiteTeam "Heidesheim"]
[BlackTeam "Hamburger SK"]
[WhiteTeamCountry "GER"]
[BlackTeamCountry "GER"]

1. Nf3 d5 2. g3 c5 3. Bg2 g6 4. 0-0 Bg7 5. d3 Nf6 6. Nbd2 0-0 7. Re1 Nc6 8. Rb1 e5 9. e4 b6 10. a3 Rb8 11. exd5 Nxd5 12. Nc4 Re8 13. Bg5 Qd7 14. Qc1 Bb7 15. Bh6 Bh8 16. h4 b5 17. Ncd2 Nf6 18. Ne4 Nxe4 19. dxe4 Nd4 20. c3 Ne6 21. Ng5 Ng7 22. Qe3 Qe7 23. Rbd1 Rbd8 24. Rxd8 Rxd8 25. Qe2 a6 26. Rd1 Rd6 27. Rxd6 Qxd6 28. Qf3 Nf5 29. Nxf7 Kxf7 30. g4 Bxe4 31. Qxe4 Nxh6 32. Qb7+ Qe7 33. Bd5+ Kf8 34. Qc8+ Kg7 35. g5 Nf7 36. Bxf7 Qxf7 37. Qxc5 h5 38. Qxe5+ Kh7 39. Qd6 Qb3 40. Qd2 Qe6 41. Qe3 Qg4+ 42. Qg3 Qxg3+ 43. fxg3 Kg7 44. Kf2 Kf7 45. Ke3 Ke6 46. g4 hxg4 47. Kf4 Kd5 48. Kg3 0-1

[Event "Rheinhessen-ch U16/U18"]
[Site "Heidesheim"]
[Date "2013.01.06"]
[Round "2.2"]
[White "Wilhelm, Till"]
[Black "Luzius, Jannik"]
[Result "1-0"]
[WhiteElo "1731"]
[BlackElo "1519"]
[PlyCount "49"]
[EventDate "2013.01.06"]
[EventType "swiss"]
[EventRounds "7"]
[EventCountry "GER"]
[SourceTitle "EXT 2014"]
[Source "ChessBase"]
[SourceDate "2013.11.20"]
[SourceVersion "1"]
[SourceVersionDate "2013.11.20"]
[SourceQuality "1"]

1. d4 g6 2. e4 Bg7 3. Nf3 c5 4. d5 d6 5. Nc3 Nf6 6. Be2 Bg4 7. 0-0 Bxf3 8. Bxf3 Na6 9. Bg5 Nc7 10. a4 b6 11. e5 Ng8 12. e6 Nf6 13. exf7+ Kxf7 14. h4 h5 15. Qd3 Bh6 16. Ne4 Qd7 17. Bxh6 Rxh6 18. Ng5+ Kg7 19. Rfe1 Rf8 20. Re2 Ng4 21. Bxg4 hxg4 22. Rae1 Re8 23. g3 Kf8 24. Re4 Qf5 25. Rf4 1-0

[Event "Rheinland Pfalz op 2nd"]
[Site "Schweich"]
[Date "2010.07.18"]
[Round "6"]
[White "Luzius, Jannik"]
[Black "Koellmer, Hans Peter"]
[Result "1-0"]
[WhiteElo "1198"]
[BlackElo "1603"]
[PlyCount "41"]
[EventDate "2010.07.16"]
[EventType "swiss"]
[EventRounds "7"]
[EventCountry "GER"]
[SourceTitle "EXT 2012"]
[Source "ChessBase"]
[SourceDate "2011.11.24"]
[SourceVersion "1"]
[SourceVersionDate "2011.11.24"]
[SourceQuality "1"]

1. e4 d6 2. d4 Nf6 3. Nc3 g6 4. Bc4 Bg7 5. Nf3 0-0 6. 0-0 Nbd7 7. Be3 c6 8. Qd2 b5 9. Bb3 Ba6 10. Rfe1 Nb6 11. Bh6 Ne8 12. Bxg7 Nxg7 13. Qh6 Ne6 14. Bxe6 fxe6 15. Ng5 Rf7 16. Nxf7 Kxf7 17. Qxh7+ Ke8 18. Ne2 Kd7 19. Nf4 g5 20. Ng6 Qe8 21. Re3 1-0

[Event "Rheinland Pfalz op 2nd"]
[Site "Schweich"]
[Date "2010.07.17"]
[Round "5"]
[White "Schmitz, Karl Alfred"]
[Black "Luzius, Jannik"]
[Result "1-0"]
[WhiteElo "1691"]
[BlackElo "1198"]
[PlyCount "83"]
[EventDate "2010.07.16"]
[EventType "swiss"]
[EventRounds "7"]
[EventCountry "GER"]
[SourceTitle "EXT 2012"]
[Source "ChessBase"]
[SourceDate "2011.11.24"]
[SourceVersion "1"]
[SourceVersionDate "2011.11.24"]
[SourceQuality "1"]

1. d4 d5 2. e3 Nf6 3. c4 e6 4. Nc3 Be7 5. Nf3 0-0 6. Bd3 c5 7. 0-0 Nc6 8. dxc5 Bxc5 9. Qe2 Re8 10. Rd1 Bd7 11. b3 d4 12. Na4 Qe7 13. Nxc5 Qxc5 14. exd4 Nxd4 15. Nxd4 e5 16. Nb5 Bg4 17. Qe3 Qxe3 18. Bxe3 Bxd1 19. Rxd1 Red8 20. Kf1 a6 21. Nc7 Rac8 22. Nd5 Nxd5 23. cxd5 g6 24. Be2 Rc2 25. a4 f5 26. Bc4 Kg7 27. Bg5 Rd7 28. d6 h6 29. Be7 Rxc4 30. bxc4 Kf7 31. Rb1 Ke6 32. Rb3 f4 33. f3 h5 34. Ke2 g5 35. h3 Kf5 36. Kd3 g4 37. h4 gxf3 38. gxf3 e4+ 39. fxe4+ Kg4 40. e5 f3 41. e6 f2 42. Ke2 1-0